000 00573nam a2200181Ia 4500
005 20250508154012.0
008 008 250505s9999 xx 000 0 eng d
037 _aTextual
040 _aFEDL
_beng
_cFEDL
041 _aeng
_2eng
084 _a374.948 9, JAI
_qFEDL
100 _aJain Netrapal
_9764835
245 0 _aTowards new pilgrimage : A case and plan for popular enlightenment in rural India to-day
260 _aAllahabad, India
_bIndian Press Limited
_c1964
300 _a203p
942 _cTEXL
_h374.948 9, JAI
999 _c1346960
_d1346960